01142nam a2200325Ia 4500001000700000003000500007008004100012010001100053040000900064082001400073111009800087245007600185260006000261300001100321503001000332504002700342650004100369650002300410650001900433650002400452700008100476711010000557901001400657902000600671910000900677942000600686942000700692999001900699952009800718Z_6066CHAP220113s1995 xx 000 0 und d a169296 cCHAP a632.9 S46 aSeminario Internacional de Parasitología Animal (3: octurbre 1995: Acapulco, Mex.)9143853 aResistencia y control en garrapatas y moscas de importancia veterinaria aMéxico :bSAGAR, CANIFARMA, FAO, IICA, INIFAP,c1995 a174 p. aej.1: aIncluye Bibliografía aControl de plagasxCongreso 9143854 aGarrapatas 946932 aMoscas 978995 aPlaguisidas9143855 aI. Rodriguez Camarillo, Sergio, ed. II. Fragoso Sánchez, Hugo, ed.9143856 aI. Seminario Internacional de Parasitología Animal (3: octurbre 1995: Acapulco, Mex.)9143857 a632.9 S46 aM a1995 c1 cc1 c169296d169296 00102ddc40708GRALaZbZc1d2011-11-03pz_1923r2022-01-18 00:00:00t1w2022-01-18yLIBRO